Name the Author: Literature (1900-1919) Quiz Stats

 Plays Quiz Updated Jan 16, 2015

Challenge
Share
Tweet
Embed
Score 0/50 Timer 10:00
4 Plays Today
Work Author % Correct
The Hound of the BaskervillesArthur Conan Doyle
79.7%
The Call of the WildJack London
73.5%
Peter Pan J.M. Barrie
70.4%
The Metamorphosis Franz Kafka
70.4%
The Wonderful Wizard of Oz L. Frank Baum
68.3%
KimRudyard Kipling
67.6%
A Portrait of the Artist as a Young ManJames Joyce
65.6%
Pygmalion George Bernard Shaw
64.3%
Sons and LoversD.H. Lawrence
61.7%
The JungleUpton Sinclair
52.4%
Lord Jim Joseph Conrad
48.3%
My ÁntoniaWilla Cather
46.9%
The Love Song of J. Alfred PrufrockT.S. Eliot
46.5%
Howards EndE.M. Forster
45.6%
Tarzan of the ApesEdgar Rice Burroughs
43.5%
The Gift of the Magi O. Henry
41.2%
Ethan Frome Edith Wharton
39.2%
The Cherry Orchard Anton Chekhov
37.7%
Anne of Green GablesL.M. Montgomery
36.3%
Of Human Bondage W. Somerset Maugham
35.7%
In Search of Lost Time (Swann's Way)Marcel Proust
35.7%
The Secret GardenFrances Hodgson Burnett
34.7%
Death in Venice Thomas Mann
34%
The Wings of the DoveHenry James
28.5%
Sister Carrie Theodore Dreiser
28%
Work Author % Correct
Riders of the Purple SageZane Grey
23.2%
The 39 Steps John Buchan
23%
The Devil's DictionaryAmbrose Bierce
20.9%
Winesburg, OhioSherwood Anderson
20.8%
The Good Soldier Ford Maddox Ford
18.3%
The Scarlet PimpernelEmma Orczy
18.1%
The Playboy of the Western WorldJ.M. Synge
16%
The Phantom of the Opera Gaston Leroux
15.2%
Tender ButtonsGertrude Stein
14.4%
Eve's DiaryMark Twain
13.4%
DemianHermann Hesse
12.6%
The Man Who Was Thursday G.K. Chesterton
12.5%
The Way of All FleshSamuel Butler
12.2%
The Magnificent AmbersonsBooth Tarkington
11.8%
The ImmoralistAndré Gide
9.7%
Zuleika DobsonMax Beerbohm
6.2%
The Monkey's PawW.W. Jacobs
5.5%
Le Grand MeaulnesAlain-Fournier
5.2%
MotherMaxim Gorky
4.4%
KokoroNatsume Sōseki
3.7%
The Confusions of Young Törless Robert Musil
3.5%
Petersburg Andrei Bely
3.3%
The Late Mattia PascalLuigi Pirandello
3.1%
The GolemGustav Meyrink
2.8%
The Rise of David LevinskyAbraham Cahan
2.6%

You're not logged in!

Compare scores with friends on all Sporcle quizzes.
Join for Free
OR
Log In

You Might Also Like...

Show Comments

Extras

Top Quizzes Today


Score Distribution

Your Account Isn't Verified!

In order to create a playlist on Sporcle, you need to verify the email address you used during registration. Go to your Sporcle Settings to finish the process.

Report this User

Report this user for behavior that violates our Community Guidelines.

Details: